| LEADER | 02383nam a2200529 i 4500 | ||
|---|---|---|---|
| 001 | 312198 | ||
| 003 | CZ PrSKC | ||
| 005 | 20260601215718.0 | ||
| 007 | ta | ||
| 008 | 231201s2023 xr e 000 f cze | ||
| 015 | |a cnb003575937 | ||
| 020 | |a 9788026922360 |q (vázáno) | ||
| 035 | |a (OCoLC)1420607794 | ||
| 040 | |a ABG001 |b cze |d ABA001 |e rda | ||
| 041 | 1 | |a cze |h eng | |
| 072 | 7 | |a 821.111(73)-3 |x Americká próza |2 Konspekt | |
| 080 | |a 821.111(73)-31 |2 MRF | ||
| 080 | |a (0:82-993) |2 MRF | ||
| 080 | |a (0:82-312.5) |2 MRF | ||
| 100 | 1 | |a Huang, Ana |7 xx0274388 |4 aut | |
| 240 | 1 | 0 | |a Twisted love. |l Česky |
| 245 | 1 | 0 | |a Twisted. |n (1), |p Twisted love: láska na ostří nože / |c Ana Huang ; z anglického originálu Twisted love ... přeložila Ivana Dresia |
| 246 | 3 | 0 | |a Twisted love: láska na ostří nože |
| 246 | 3 | 0 | |a Láska na ostří nože |
| 250 | |a 2. vydání | ||
| 264 | 1 | |a Praha : |b Baronet, |c 2023 | |
| 300 | |a 391 stran ; |c 21 cm | ||
| 336 | |a text |b txt |2 rdacontent | ||
| 337 | |a bez média |b n |2 rdamedia | ||
| 338 | |a svazek |b nc |2 rdacarrier | ||
| 520 | 2 | |a První kniha romanticko-erotické série. |b Hlavní hrdinka Ava je milou a jemnou dívkou, má za sebou velmi těžké dětství, na které si ovšem nevzpomíná. Alex je nejlepší kamarád jejího bratra. Temný, tichý až ledový, pro Avu naprosté tajemství a její pravý opak. A Ava je rozhodnuta věnovat své vřelé srdce právě jemu. | |
| 546 | |a Český text | ||
| 653 | 0 | |a literatura new adult | |
| 655 | 7 | |a americké romány |7 fd131796 |2 czenas | |
| 655 | 7 | |a erotické romány |7 fd132211 |2 czenas | |
| 655 | 7 | |a milostné romány |7 fd132840 |2 czenas | |
| 655 | 9 | |a American fiction |2 eczenas | |
| 655 | 9 | |a erotic novels |2 eczenas | |
| 655 | 9 | |a love novels |2 eczenas | |
| 700 | 1 | |a Dresia, Ivana |7 xx0235996 |4 trl | |
| 787 | 0 | 8 | |i Z cyklu: |t Twisted |g 1 |
| 900 | |a ABA001 |b 21 | ||
| 928 | 9 | |a Albatros Media - Baronet | |
| 044 | |a xr | ||
| 910 | |a RBIT002 | ||
| 998 | |d 392015 |a https://core.palmknihy.cz/api/books/392015/cover?sh7inu |b https://core.palmknihy.cz/api/books/392015/cover/400?sh7inu |c https://core.palmknihy.cz/api/books/392015/cover/50?sh7inu |e 2027-01-19 |g 392 |i 9788026922360 |j https://core.palmknihy.cz/api/books/392015/preview.epub |k https://core.palmknihy.cz/api/books/392015/preview.pdf |l |q 49 |r 1 |s https://www.palmknihy.cz/kniha/392015 |t ebook |y 2023 |z 0 |v Twisted |w 1 | ||
| 999 | |d 312196 | ||